| 000 | 01601nam0a2200373 i 4500 | ||
|---|---|---|---|
| 001 | RU\NLR\BIBL_A\010853987 | ||
| 005 | 20260406063218.0 | ||
| 010 |
_a9785389099135 _92000 |
||
| 021 |
_aRU _b2015-65219 _93894 |
||
| 035 | _a(NLR Aleph) 010853987 | ||
| 090 |
_a10387056 _c10387056 |
||
| 100 | _a20151001d2015 u y0rusy50 ca | ||
| 101 | 0 | _arus | |
| 102 | _aRU | ||
| 105 | _ay|||z|||000yy | ||
| 200 | 1 |
_a"Улисс" в русском зеркале _fС. С. Хоружий |
|
| 210 |
_aСанкт-Петербург _cАзбука _d2015 |
||
| 215 |
_a380, [2] с. _d22 |
||
| 225 | 1 | _aКультурный код | |
| 333 | _a18+ | ||
| 500 | 1 | 0 |
_aУлисс _92636076 _3RU\NLR\AUTH\5505090 |
| 600 | 1 |
_aДжойс _bД. _f1882 - 1941 _gДжеймс _xи русская литература _91229891 _3RU\NLR\AUTH\66501418 |
|
| 604 |
_1700#1$aДжойс$bД.$gДжеймс$f1882 - 1941 _1500##$a"Улисс"$2nlr_sh2$3RU\NLR\AUTH\661400471 _3RU\NLR\AUTH\661400471 _aДжойс, Джеймс (1882 - 1941) _t"Улисс" _92343208 |
||
| 606 |
_aРусская литература _xСвязи _xИрландская литература _92617502 _3RU\NLR\AUTH\661554062 |
||
| 675 | _a821.111.09 | ||
| 686 | 1 | _aШ5(4И)16-4Джойс534 | |
| 686 | 1 | _aШ5(2=Р)-318.3 | |
| 700 | 1 |
_8rus _7ca _aХоружий _bС. С. _f1941- _gСергей Сергеевич _3RU\NLR\AUTH\7786815 _969743 |
|
| 702 | 1 |
_4570 _8rus _7ca _aДжойс _bД. _f1882-1941 _gДжеймс _3RU\NLR\AUTH\7722104 _95164 |
|
| 942 | _cBOOK | ||
| 980 | _aNBR | ||